LEADER 01466nam 2200373Ia 450 001 996394572403316 005 20200824132446.0 035 $a(CKB)3810000000007413 035 $a(EEBO)2248552496 035 $a(OCoLC)ocm18283797e 035 $a(OCoLC)18283797 035 $a(EXLCZ)993810000000007413 100 $a19880728d1700 uy | 101 0 $aeng 135 $aurbn||||a|bb| 200 10$aChrist's last sermon, or, The everlasting estate and condition of all men in the world to come$b[electronic resource] $ewherein is exactly described the everlasting and happy condition of the children of God in glory, with the everlasting, endless and easeless condition of wicked men in the world to come /$fby John Hart, D.D 205 $aThe three and twentieth edition. 210 $aLondon $cPrinted by William Dicey$d[1700?] 215 $a24 p 300 $aImperfect: p. 17-20 lacking. Best copy available for photographing. 300 $aReproduction of original in British Library. 330 $aeebo-0018 606 $aFuture life$xChristianity 606 $aTheology, Doctrinal 615 0$aFuture life$xChristianity. 615 0$aTheology, Doctrinal. 700 $aHart$b John$cD.D.$0195672 801 0$bEAJ 801 1$bEAJ 801 2$bWaOLN 906 $aBOOK 912 $a996394572403316 996 $aChrist's last sermon, or, The everlasting estate and condition of all men in the world to come$92307951 997 $aUNISA LEADER 01310nam a2200301 i 4500 001 991002999979707536 005 20020509110330.0 008 940613s1993 it ||| | ita 020 $a887835192X 035 $ab11093043-39ule_inst 035 $aPARLA173093$9ExL 040 $aIstituto di Filosofia$bita 100 1 $aStrada, Vittorio$033020 245 10$aFilosofia, religione e letteratura in Russia all'inizio del 20. secolo :$batti del Convegno Filosofia, religione e letteratura in Russia all'inizio del 20. secolo /$cintroduzione di Vittorio Strada 260 $aNapoli :$bGuida,$cc1993 300 $a450 p. ;$c23 cm. 490 0 $aLaboratorio ;$v11 650 4$aConvegni$zNapoli$y1989 650 4$aFilosofia$xConvegni$y1989 650 4$aFilosofia e religione$xConvegni$y1989 650 4$aRussia - 20. Sec. 907 $a.b11093043$b23-02-17$c28-06-02 912 $a991002999979707536 945 $aLE005 Ist.Fil. XLVI H 20$g1$i2005000261190$lle005$o-$pE0.00$q-$rl$s- $t0$u1$v0$w1$x0$y.i11225634$z28-06-02 945 $aLE005 MF 33 M 36$g1$iLE005N-9642$lle005$o-$pE0.00$q-$rl$s- $t0$u0$v0$w0$x0$y.i11225646$z28-06-02 996 $aFilosofia, religione e letteratura in Russia all'inizio del 20. secolo$9857081 997 $aUNISALENTO 998 $ale005$b01-01-94$cm$da $e-$fita$git $h0$i2